|
วิทยาลัยพยาบาลบรมราชชนนี ยะลา |
|
แสดงรายละเอียดบรรณานุกรม |
|
|
Brief Record
: Get Marc (ISO 2709)
: E-mail record
: |
|
|
| LEADER 00000nam 2200000uu 4500 | |||
| 001 582 | |||
| 003 ULIBM | |||
| 008 231003s2555||||th 000 0 tha d | |||
| 020 ^a9786161111380 | |||
| 060 04 ^aQW504^bห323 | |||
| 100 0 ^aอัญชลี ศิริพิทยาคุณกิจ | |||
| 245 10 ^aหลักสูตรเชิงปฏิบัติการสำหรับเจ้าหน้าที่สร้างเสริมภูมิคุ้มกันโรค /^cอัญชลี ศิริพิทยาคุณกิจ..[และคณะ..] | |||
| 250 ^aพิมพ์ครั้งที่ 2 | |||
| 260 ^aนนทบุรี :^bเลคแอนด์ฟาวด์เท่น พริ้นติ้ง,^c2555. | |||
| 300 ^a198หน้า :^bภาพประกอบ ;^c29 ซม. | |||
| 650 7 ^aภูมิคุ้มกันโรค | |||
| 650 7 ^aการสร้างเสริม | |||
| 650 7 ^aวัคซีน | |||
| 700 0 ^aปิยนิตย์ ธรรมาภรณ์พิลาศ | |||
| 700 0 ^aพรศักดิ์ อยู่เจริญ | |||
| 999 ^aอีมาน | |||
| คุณยังไม่ได้ล็อกอิน คุณสามารถมีกิจกรรมร่วมกับเว็บไซต์ได้ แต่ต้องล็อกอินก่อน :: |
|
| สถานะ | |||||||||
| 1. | หนังสือวิทยาศาสตร์สุขภาพ | QW504 ห323 2555 ฉ.1 | ►หนังสือ ตำรา ทางการพยาบาล | On Shelf ขอยืม | |||||
| 2. | หนังสือวิทยาศาสตร์สุขภาพ | QW504 ห323 2555 ฉ.2 | ►หนังสือ ตำรา ทางการพยาบาล | On Shelf ขอยืม | |||||
| [แสดง 2/2 รายการ] | |||||||||
| รายการใกล้เคียง ผู้แต่ง [อัญชลี ศิริพิทยาคุณกิจ] หัวเรื่อง [การสร้างเสริม]
|
BibComment |
| คอมเมนท์ทรัพยากรรายการนี้ |
|
|